Теоретический анализ влияния радиальных вставок на генерационные характеристики лазера на парах меди; Оптика атмосферы и океана; Т. 16, № 7
| Parent link: | Оптика атмосферы и океана: научно-теоретический журнал.— , 1988- Т. 16, № 7.— 2003.— С. 616-623 |
|---|---|
| Κύριος συγγραφέας: | |
| Άλλοι συγγραφείς: | |
| Περίληψη: | Выполнен теоретический анализ влияния радиальных вставок на параметры плазмы лазера на парах меди. Использование профилированного рабочего канала приводит к повышению энергетических, частотных характеристик и качества выходного излучения лазера на парах меди. Показано, что улучшение параметров лазера на парах меди с профилированным рабочим каналом происходит вследствие повышения степени радиальной однородности температуры газа и уменьшения диффузионной длины. В фонде НТБ ТПУ отсутствует |
| Γλώσσα: | Ρωσικά |
| Έκδοση: |
2003
|
| Θέματα: | |
| Μορφή: | MixedMaterials Κεφάλαιο βιβλίου |
| KOHA link: | https://koha.lib.tpu.ru/cgi-bin/koha/opac-detail.pl?biblionumber=599935 |
MARC
| LEADER | 00000naa0a2200000 4500 | ||
|---|---|---|---|
| 001 | 599935 | ||
| 005 | 20250127085928.0 | ||
| 035 | |a (RuTPU)RU\TPU\tpu\24091 | ||
| 035 | |a RU\TPU\tpu\24090 | ||
| 090 | |a 599935 | ||
| 100 | |a 20131206d2003 k||y0rusy50 ca | ||
| 101 | 0 | |a rus | |
| 102 | |a RU | ||
| 200 | 1 | |a Теоретический анализ влияния радиальных вставок на генерационные характеристики лазера на парах меди |f О. В. Жданеев, Г. С. Евтушенко | |
| 320 | |a Библиогр.: 32 назв. | ||
| 330 | |a Выполнен теоретический анализ влияния радиальных вставок на параметры плазмы лазера на парах меди. Использование профилированного рабочего канала приводит к повышению энергетических, частотных характеристик и качества выходного излучения лазера на парах меди. Показано, что улучшение параметров лазера на парах меди с профилированным рабочим каналом происходит вследствие повышения степени радиальной однородности температуры газа и уменьшения диффузионной длины. | ||
| 333 | |a В фонде НТБ ТПУ отсутствует | ||
| 461 | |t Оптика атмосферы и океана |o научно-теоретический журнал |d 1988- | ||
| 463 | |t Т. 16, № 7 |v С. 616-623 |d 2003 | ||
| 610 | 1 | |a труды учёных ТПУ | |
| 700 | 1 | |a Жданеев |b О. В. |c специалист в области электроники |c ассистент Томского политехнического университета, кандидат физико-математических наук |f 1978- |g Олег Валерьевич |3 (RuTPU)RU\TPU\pers\26475 | |
| 701 | 1 | |a Евтушенко |b Г. С. |c российский специалист в области электрофизики |c профессор Томского политехнического университета, доктор технических наук |f 1947- |g Геннадий Сергеевич |3 (RuTPU)RU\TPU\pers\21960 |4 070 |9 9279 | |
| 801 | 1 | |a RU |b 63413507 |c 20131205 | |
| 801 | 2 | |a RU |b 63413507 |c 20131206 |g RCR | |
| 942 | |c CR | ||